Star Wars : Rogue One - Mort Subite - Statistiques

Statistiques générales
  • Ce quiz a été pris 254 fois
  • Le résultat moyen est 13 sur 19
Answers on the Grid
Answers color-coded by a green-red scale on the quiz's grid according to % correct below.
Saw Gerrera
Dark Vador
Empereur Palpatine
BB-8
AT-AT
Mustafar
Krenic
Han solo
Galen Erso
Eadu
R2-D2
Yavin IV
Capitaine Rex
Lando Calrissian
Chewbacca
Navette Impérial
Bodhi Rook
Kanan Jarrus
Chirrut Îmwe
Ahsoka Tano
Baze Malbus
Yoda
Leia Organa
Boba Fett
Tarkin
Mon Mothma
Jyn Erso
Faucon Millennium
X-wing
Chasseur TIE
 
Statistiques - réponses
Réponse % Correct
Dark Vador
93%
Saw Gerrera
90%
Galen Erso
79%
Jyn Erso
75%
Krenic
72%
Navette Impérial
72%
Chasseur TIE
67%
Yavin IV
67%
X-wing
66%
AT-AT
61%
Mon Mothma
61%
Tarkin
60%
Chirrut Îmwe
59%
Bodhi Rook
58%
Leia Organa
58%
Eadu
56%
Baze Malbus
55%
R2-D2
53%
Mustafar
48%
Aucun quiz correspondant
Distribution des résultats
% des personnes avec chaque résultat
Percentile par nombre de réponses
Votre historique - résultats
Vous n’avez pas pris ce quiz